000 00579nam a22002177a 4500
999 _c17302
_d17302
003 OSt
005 20190207103559.0
008 190207b ||||| |||| 00| 0 eng d
020 _a9780716756187
020 _a0716756188
040 _aSEKU
050 _aQE 534.2
_b.B65 2004
100 _aBolt, Bruce A.
245 _aEarthquakes /
_cBruce A. Bolt.
250 _a5th ed.
260 _aNew York :
_bW. H. Freeman Company,
_c2004.
300 _a378 p. :
_bill.
504 _aIncludes bibliographical references and index.
650 _aEarthquakes
942 _2lcc
_cGEN